000 00668cam a2200217 i 4500
999 _c233409
_d233409
001 4144003
003 Nust
005 20170307142139.0
008 770908s1976 enk 000 1 eng
010 _a 77361823
015 _aGB76-19362
020 _a9780752858562
_c£3.50
040 _aDLC
_cDLC
_dDLC
050 0 0 _aPZ4.L9455
_bGe3
_aPS3562.U26
082 0 0 _a813.54
_bLUD
100 1 _aLudlum, Robert,
_d1927-2001.
245 1 4 _aThe Gemini contenders /
_cRobert Ludlum.
260 _aLondon :
_bHart-Davis, MacGibbon,
_c1976.
300 _a502 p. ;
_c23 cm.
906 _a7
_bcbc
_corignew
_d4
_encip
_f19
_gy-gencatlg
942 _2ddc
_cBK